Macroeconomics : understanding the wealth of nations (Record no. 184389)
[ view plain ]
| 000 -LEADER | |
|---|---|
| fixed length control field | 00490nam a2200169Ia 4500 |
| 005 - DATE AND TIME OF LATEST TRANSACTION | |
| control field | 20250319113701.0 |
| 008 - FIXED-LENGTH DATA ELEMENTS--GENERAL INFORMATION | |
| fixed length control field | 231217s9999 xx 000 0 und d |
| 020 ## - INTERNATIONAL STANDARD BOOK NUMBER | |
| International Standard Book Number | 9788126516414 |
| 082 ## - DEWEY DECIMAL CLASSIFICATION NUMBER | |
| Classification number | 339 MIL;1 R |
| 100 ## - MAIN ENTRY--PERSONAL NAME | |
| Personal name | Miles, David. Scott, Andrew. |
| 245 #0 - TITLE STATEMENT | |
| Title | Macroeconomics : understanding the wealth of nations |
| 250 ## - EDITION STATEMENT | |
| Edition statement | 2nd ed. |
| 260 ## - PUBLICATION, DISTRIBUTION, ETC. (IMPRINT) | |
| Date of publication, distribution, etc. | 2005 |
| Name of publisher, distributor, etc. | John Wiley & Sons |
| Place of publication, distribution, etc. | England |
| 300 ## - PHYSICAL DESCRIPTION | |
| Extent | xix, 610 |
| 650 ## - SUBJECT ADDED ENTRY--TOPICAL TERM | |
| Topical term or geographic name as entry element | Macroeconomics,understanding,wealth,nations |
| 942 ## - ADDED ENTRY ELEMENTS (KOHA) | |
| Koha item type | Books |
| Date last seen | Total Checkouts | Full call number | Accession number | Old discount | Cost, replacement price | Price effective from | Category | Lost status | Damaged status | Department | Withdrawn status | bill no. | bill date | Permanent Location | Current Location | Shelving location | Entry date | Vendor | Cost, normal purchase price | Grants | Currency symbol | Conversion rate | Discount | Discount type | Uniform Resource Identifier |
|---|---|---|---|---|---|---|---|---|---|---|---|---|---|---|---|---|---|---|---|---|---|---|---|---|---|
| 26/01/2024 | 339 MIL;1 R | 56726 | 20 | 287.20 | 26/01/2024 | Books | Central Library | 0910/0591 | 28/06/2013 | Central Library | Central Library | Central Library | 21/10/2009 | Surya Infotainment Products Pvt. Ltd. | 359.00 | MBA | RS | 1 | 71.8 | Rupees | |||||
| 26/01/2024 | 339 MIL;2 R1 | 56727 | 20 | 287.20 | 26/01/2024 | Books | MBA | 0910/0591 | 28/06/2013 | Central Library | Central Library | MBA | 21/10/2009 | Surya Infotainment Products Pvt. Ltd. | 359.00 | MBA | RS | 1 | 71.8 | Rupees | digital/contents/56727.pdf |
